Dejiny ekonomických teórií metodická pomôcka

Bibliographic Details
Main Author: Korček, Ľudovít, 1927- (Author)
Format: Book
Language:Slovak
PhysicalDescription:113 strán 21 cm
Published: Bratislava Vysoká škola ekonomická 1989
ISBN:8022500046
Edition:1. vyd.
Series:Vysokoškolské skriptá
Subjects:

MARC

LEADER 00000cam a2200000 a 4500
001 vtls001080858
003 SK-MaSNL
005 20260301153243.0
008 240513s1989 xo frnp 00000 slo
015 |a SNBA1989/06 
020 |a 8022500046  |q (brožované) 
035 |a SNK000023695 
040 |a SNK  |b slo  |c SNK  |e AACR2 
041 0 |a slo 
044 |a xo  |c SK 
080 |a 330.1(091)(075.8)  |2 1981 
100 1 |a Korček, Ľudovít,  |d 1927-  |4 aut  |9 192785 
245 1 0 |a Dejiny ekonomických teórií  |b metodická pomôcka  |c Ľudovít Korček 
250 |a 1. vyd. 
260 |a Bratislava  |b Vysoká škola ekonomická  |c 1989 
300 |a 113 strán  |c 21 cm 
366 |e 1800 kusov 
490 1 |a Vysokoškolské skriptá 
504 |a Obsahuje bibliografiu 
650 0 7 |a ekonomické teórie  |2 SNKPH  |9 2164 
650 0 7 |a didaktika  |2 SNKPH  |9 3484 
650 0 7 |a dejiny ekonomických teórií  |2 SNKPH  |9 83711 
655 7 |a učebnice vysokých škôl  |2 SNKPH  |9 70191 
830 0 |a Vysokoškolské skriptá  |9 276440 
852 |a Slovenská národná knižnica 
919 |a 80-225-0004-6 
954 |a odborná, vedecká literatúra pôvodná (slovenská)  |2 lita 
958 |a RK 
958 |a TL 
958 |a NB 
958 |a OND 
958 |a UV 
999 |c 792172  |d 794102 
952 |t P60, <04>, [BOOK], {604}  |a SNK  |b SNK  |y VYP  |7 0  |p 17A0015713  |o snkSD 60845 D1  |0 0  |1 0  |4 0  |d 1996-10-25  |l 0  |r 2004-12-31 00:00:00  |w 2026-02-24